000 00945nam a2200313 i 4500
001 000000185
003 DO-SdBNP
005 20260321073645.0
007 ta
008 081127s2012 dr 000 0 spa d
020 _a9789945883541
040 _aDO-SdBNP
_bspa
_cBNPHU
_erda
082 _a320.97293054
_bB742d, 2012
_222
100 1 _a Bosch, Juan,
_d1909-2001
_976555
245 1 0 _aDictadura con respaldo popular /
_cJuan Bosch.
260 _c2005.
264 _aSanto Domingo :
_bFundacuión Juan Bosch
_c2012
300 _a263 paginas ;
_c24 cm.
336 _2rdacontent
_atexto
_btxt
337 _2rdamedia
_asin mediación
_bn
338 _2rdacarrier
_avolumen
_bnc
490 _aBosch para todos
590 _aInventariado, 2023 / DG
650 4 _aOligarquía
_9596
650 0 _aClases sociales
_zRepública Dominicana
_91062
651 0 _aRepública Dominicana
_xPolítica y gobierno
_945
910 _aDG
942 _2ddc
_cLBS1
999 _c53716
_d53716